| 000 | 00888nam a22002652 4500 | ||
|---|---|---|---|
| 001 | 0000004430 | ||
| 005 | 20151217145808.0 | ||
| 008 | 070523s xx 000 0 eng d | ||
| 020 | _a0070310866 : | ||
| 040 |
_aKABU _cKABU |
||
| 050 | 0 |
_aQA76.9 _b.D3S563 1998 |
|
| 100 | 1 |
_aSilberschatz, Abraham. _@0000154772 |
|
| 245 | 1 | 0 |
_aDatabase system concepts / _cAbraham Silberschatz, Henry F. Korths, S. Sudarshan. |
| 250 | _a3rd ed. | ||
| 260 |
_aBoston, Massachusetts : _bWCB/McGraw-Hill, _c1998. |
||
| 300 | _axxii, 821 p. | ||
| 650 | 0 |
_aDatabase management. _@0000148184 |
|
| 700 | 1 |
_aKorth, Henry F. _@0000154989 |
|
| 700 | 1 |
_aSudarshan, S. _@0000154990 |
|
| 908 | _a070523 | ||
| 950 | _@1 | ||
| 999 |
_c2678 _d2678 |
||